|
|
|
|
| LEADER |
01392nam a2200313 a 4500 |
| 001 |
007332 |
| 003 |
BD-DhAAL |
| 008 |
100107r20011999ii a 001 0 eng d |
| 010 |
|
|
|a 99935264
|
| 020 |
|
|
|a 9840514890
|
| 020 |
|
|
|a 8122005454
|
| 040 |
|
|
|a DLC
|c DLC
|d DLC
|d BD-DhAAL
|
| 082 |
0 |
0 |
|a 327.5405492
|2 21
|
| 100 |
1 |
|
|a Dixit, J. N.
|q (Jyotindra Nath),
|d 1936-2005.
|9 59324
|
| 245 |
1 |
0 |
|a Liberation and beyond :
|b Indo-Bangladesh relations /
|c J.N. Dixit.
|
| 260 |
|
|
|a Delhi, India ;
|a Dhaka, Bangladesh :
|b University Press / Konark Publishers,
|c c1999 [second impression 2001].
|
| 300 |
|
|
|a ix, 317 p. :
|b ill. ;
|c 23 cm.
|
| 500 |
|
|
|a First published 1999
|
| 504 |
|
|
|a Includes index.
|
| 541 |
1 |
|
|e 7332, 10257
|
| 651 |
|
0 |
|a India
|x Foreign relations
|z Bangladesh.
|
| 651 |
|
0 |
|a Bangladesh
|x Foreign relations
|z India.
|
| 651 |
|
0 |
|a Bangladesh
|x History
|y Revolution, 1971.
|
| 651 |
|
0 |
|a India
|x Foreign relations
|y 1947-1984.
|9 49173
|
| 852 |
4 |
|
|a Ayesha Abed Library
|j General Shelf.
|
| 942 |
|
|
|2 ddc
|c BK
|
| 999 |
|
|
|c 6788
|d 6788
|
| 952 |
|
|
|0 0
|1 0
|2 ddc
|4 0
|6 327_540549000000000_2_DIX_1999
|7 0
|9 6979
|a BRACUL
|b BRACUL
|c BNC
|d 2010-01-10
|l 3
|m 3
|o 327.5405492 DIX
|p 3010007332
|q 2025-12-11
|r 2025-12-04
|s 2025-12-04
|t 1
|w 2010-01-10
|y BK
|
| 952 |
|
|
|0 0
|1 0
|2 ddc
|4 0
|6 327_540549000000000_2_DIX_2001
|7 0
|9 6982
|a BRACUL
|b BRACUL
|c BNC
|d 2010-01-10
|l 4
|m 16
|o 327.5405492 DIX
|p 3010010257
|r 2025-09-20
|s 2025-09-14
|t 2
|w 2010-01-10
|y BK
|